000 00580nam a2200205Ia 4500
008 220216s9999 xx 000 0 und d
100 _aMandal D.
245 0 _aInfluence of rubber cultivation on physico-chemical properties of soil: A case study
260 _bIndian Journal of Natural Rubber Research
_c2001
300 _a71-74
650 _aMicroorganism
650 _aNutrient
650 _aPhysicochemical property
650 _aRubber cultivation
700 _aChaudhuri D.
700 _aDeka H.K.
700 _aSarma A.C.
700 _aSingh R.P.
942 _cBS
999 _c51618
_d51618